Riconosci il Pokémon - Quiz n°67 - Statistics

Statistiche generali
  • Questo quiz è stato fatto 8 volte
  • Il punteggio medio è 9 su 10
Statistiche sulle risposte
Indizio Risposta % Corretto
Altezza 0,3 m
100%
Abilità Alternacura; Velenopuntura; Fogliamanto
100%
Tipo Erba / Veleno
100%
Stadio evoluzione Prima evoluzione
100%
Generazione Terza
100%
Tasso di cattura 150 (29.5%)
88%
Peso 2,0 kg
88%
Sesso 50% ♂, 50% ♀
88%
Tasso di allevamento Medio-Lento
88%
Pokémon Roselia
75%
Nessun quiz corrispondente trovato
Distribuzione punteggi
Percentuale di utenti per punteggio
Percentile per numero di risposta
I tuoi punteggi nel tempo
Non hai fatto questo quiz